Hashtag authentic : finding creativity and building a community on Instagram and beyond (Record no. 591151)

000 -LEADER
fixed length control field 00491nam a22001697a 4500
003 - CONTROL NUMBER IDENTIFIER
control field NUST
005 - DATE AND TIME OF LATEST TRANSACTION
control field 20220817120942.0
008 - FIXED-LENGTH DATA ELEMENTS--GENERAL INFORMATION
fixed length control field 220817b ||||| |||| 00| 0 eng d
020 ## - INTERNATIONAL STANDARD BOOK NUMBER
International Standard Book Number 9781911127611
038 ## - RECORD CONTENT LICENSOR
Staff Name Azhar
082 ## - DEWEY DECIMAL CLASSIFICATION NUMBER
Classification number 770.2856754
Author Mark TAS
100 ## - MAIN ENTRY--PERSONAL NAME
Personal name Tasker, Sara
9 (RLIN) 97741
245 ## - TITLE STATEMENT
Title Hashtag authentic : finding creativity and building a community on Instagram and beyond
Statement of responsibility, etc. Sara Tasker
260 ## - PUBLICATION, DISTRIBUTION, ETC.
Place of publication, distribution, etc. London
Name of publisher, distributor, etc. White Lion Publishing
Date of publication, distribution, etc. 2019
300 ## - PHYSICAL DESCRIPTION
Extent 189p
942 ## - ADDED ENTRY ELEMENTS (KOHA)
Source of classification or shelving scheme
Koha item type Lincoln Corner
Holdings
Withdrawn status Lost status Source of classification or shelving scheme Damaged status Not for loan Permanent Location Current Location Shelving location Date acquired Full call number Barcode Date last seen Price effective from Koha item type
          Central Library (CL) Central Library (CL) Lincoln Corner 08/17/2022 770.2856754 TAS LC-354 08/17/2022 08/17/2022 Reference
© 2023 Central Library, National University of Sciences and Technology. All Rights Reserved.